[Event "4MCR_3DW_1L_3S"]
[Site "CR"]
[Date "2011.??.??"]
[Round "?"]
[White "Sykora, Josef"]
[Black "Glaser, Karel"]
[Result "1-0"]
[WhiteElo "2299"]
[BlackElo "2222"]
[Annotator "007"]
[PlyCount "71"]
[EventDate "2011.??.??"]
[EventType "corr"]

1. c4 Nf6 2. g3 e5 3. Bg2 Nc6 4. Nc3 Bc5 5. a3 a5 6. e3 d6 7. Nge2 O-O 8. O-O
Re8 9. d3 h6 10. h3 Bd7 11. Kh2 Qc8 12. Rb1 Ne7 13. f4 Ng6 14. e4 Qd8 15. d4
exd4 16. Nxd4 h5 17. Nb3 h4 18. g4 Ba7 19. Nxa5 Bc8 20. b4 c6 21. Kh1 Qe7 22.
Nb3 Bd7 23. Bd2 Bb6 24. a4 Bc7 25. a5 Nh7 26. Qc2 Nf6 27. Rbe1 Nf8 28. b5 Bxa5
29. Nxa5 Rxa5 30. e5 dxe5 31. fxe5 Nxg4 32. Ne4 Raa8 33. hxg4 h3 34. Bf3 cxb5
35. Nd6 bxc4 36. Bxb7 1-0

[Event "4MCR_3DW_1L_3S"]
[Site "CR"]
[Date "2011.??.??"]
[Round "?"]
[White "Sykora, Josef"]
[Black "Dojcinovic, Miroslav"]
[Result "1-0"]
[WhiteElo "2299"]
[BlackElo "1792"]
[Annotator "008"]
[PlyCount "117"]
[EventDate "2011.??.??"]
[EventType "corr"]

1. c4 Nf6 2. g3 e5 3. Bg2 c6 4. d4 exd4 5. Qxd4 d5 6. Nf3 Be6 7. cxd5 cxd5 8.
O-O Nc6 9. Qa4 Bc5 10. Bg5 O-O 11. Nc3 h6 12. Bf4 g5 13. Nxg5 hxg5 14. Bxg5 Be7
15. Rad1 Rc8 16. Bh6 Re8 17. Bxd5 Nxd5 18. Rxd5 b5 19. Qf4 Bxd5 20. Qg4+ Bg5
21. Bxg5 Ne5 22. Qh4 Ng6 23. Qh6 Qd6 24. Nxd5 Re6 25. Rd1 Qe5 26. Be3 Qh8 27.
Qxh8+ Nxh8 28. Bxa7 Rxe2 29. Bd4 Re6 30. Bc3 Ng6 31. h4 Ne7 32. Nxe7+ Rxe7 33.
Rd5 Ra7 34. Rh5 f6 35. Bxf6 Rc1+ 36. Kg2 Rxa2 37. Rxb5 Rc2 38. Rb8+ Kf7 39. Bc3
Ra7 40. h5 Re7 41. Rb6 Ree2 42. Rf6+ Ke7 43. Rf4 Re6 44. g4 Rh6 45. Bg7 Rh7 46.
h6 Rc6 47. Kg3 Rcxh6 48. Bxh6 Rxh6 49. b4 Rg6 50. b5 Rb6 51. Rb4 Ke6 52. f4 Kf6
53. Kf3 Ke6 54. Ke4 Kf6 55. Kd5 Ke7 56. Kc5 Rg6 57. f5 Rg8 58. b6 Kd7 59. b7
1-0

[Event "4MCR_3DW_1L_3S"]
[Site "CR"]
[Date "2011.??.??"]
[Round "?"]
[White "Glaser, Karel"]
[Black "Sykora, Josef"]
[Result "1/2-1/2"]
[WhiteElo "2222"]
[BlackElo "2299"]
[Annotator "009"]
[PlyCount "73"]
[EventDate "2011.??.??"]
[EventType "corr"]

1. e4 e5 2. Nf3 Nc6 3. Bb5 Nf6 4. O-O Nxe4 5. d4 Nd6 6. dxe5 Nxb5 7. a4 d6 8.
e6 fxe6 9. axb5 Ne7 10. Nc3 Nf5 11. Nd4 Nxd4 12. Qxd4 Kf7 13. Qd3 Be7 14. Re1
a6 15. Ra4 Bd7 16. Qf3+ Bf6 17. Bg5 h5 18. Rea1 d5 19. Rf4 Kg6 20. Bxf6 gxf6
21. Rfa4 Rb8 22. Qd3+ Kf7 23. Ra5 Bxb5 24. Nxb5 axb5 25. Rxb5 Ra8 26. Re1 b6
27. c4 d4 28. c5 Ra5 29. Rxa5 bxa5 30. Re4 e5 31. f4 Qd5 32. fxe5 fxe5 33. Qf3+
Ke6 34. Qh3+ Kf6 35. Qf3+ Ke6 36. Qh3+ Kf6 37. Qf3+ 1/2-1/2

[Event "4MCR_3DW_1L_3S"]
[Site "CR"]
[Date "2011.??.??"]
[Round "?"]
[White "Glaser, Karel"]
[Black "Cvak, Rudolf"]
[Result "1/2-1/2"]
[WhiteElo "2222"]
[BlackElo "2057"]
[Annotator "010"]
[PlyCount "86"]
[EventDate "2011.??.??"]
[EventType "corr"]

1. e4 c5 2. Nf3 d6 3. d4 cxd4 4. Nxd4 Nf6 5. Nc3 a6 6. Be3 e5 7. Nb3 Be6 8. Qd2
Be7 9. f3 O-O 10. O-O-O Nbd7 11. Kb1 b5 12. g4 b4 13. Ne2 a5 14. g5 Ne8 15. Ng3
a4 16. Nc1 b3 17. cxb3 axb3 18. a3 Rc8 19. h4 g6 20. Qh2 Qc7 21. Ba6 Qc2+ 22.
Ka1 Qxh2 23. Rxh2 Rb8 24. h5 Nb6 25. Rdh1 Bc4 26. Bxb6 Bxa6 27. Be3 f6 28. hxg6
hxg6 29. Nf1 fxg5 30. Nd2 g4 31. Rh7 Rb7 32. fxg4 Nf6 33. R7h4 Kf7 34. Bg5 Ke6
35. Ncxb3 Rbb8 36. Rh6 Rg8 37. R6h4 Bb5 38. Ka2 Rgc8 39. R4h3 Rc7 40. Rg1 Rbc8
41. Rh4 Bc6 42. Re1 Ba4 43. Rh3 Rc2 1/2-1/2

[Event "4MCR_3DW_1L_3S"]
[Site "CR"]
[Date "2011.??.??"]
[Round "?"]
[White "Cvak, Rudolf"]
[Black "Glaser, Karel"]
[Result "1/2-1/2"]
[WhiteElo "2057"]
[BlackElo "2222"]
[Annotator "011"]
[PlyCount "85"]
[EventDate "2011.??.??"]
[EventType "corr"]

1. e4 e5 2. Nf3 Nc6 3. d4 exd4 4. Nxd4 d6 5. Nxc6 bxc6 6. Bd3 Nf6 7. O-O g6 8.
b3 Bg7 9. Bb2 O-O 10. Nd2 a5 11. f4 a4 12. f5 Nd7 13. Bxg7 Kxg7 14. Kh1 Qe7 15.
b4 f6 16. Nf3 c5 17. b5 a3 18. Qd2 Bb7 19. Rae1 Ne5 20. Nxe5 Qxe5 21. Rf3 Rfe8
22. Rh3 g5 23. c4 Re7 24. Rhe3 Qd4 25. Qe2 Kg8 26. Rd1 Qb2 27. Kg1 Rae8 28. Rd2
Qb4 29. Rd1 Kg7 30. Bb1 Kh8 31. h3 Re5 32. Kh2 R8e7 33. Bd3 d5 34. Qh5 d4 35.
h4 gxh4 36. Re2 Qa4 37. Rh1 Qa8 38. Qxh4 Qf8 39. Kg1 Rg7 40. Rf2 Qd6 41. Rh3
Re8 42. Rff3 Reg8 43. Rfg3 1/2-1/2

[Event "4MCR_3DW_1L_3S"]
[Site "CR"]
[Date "2011.??.??"]
[Round "?"]
[White "Dojcinovic, Miroslav"]
[Black "Sykora, Josef"]
[Result "0-1"]
[WhiteElo "1792"]
[BlackElo "2299"]
[Annotator "012"]
[PlyCount "114"]
[EventDate "2011.??.??"]
[EventType "corr"]

1. e4 c6 2. d4 d5 3. Nd2 dxe4 4. Nxe4 Nd7 5. Nf3 Ngf6 6. Ng3 c5 7. c3 e6 8. Bd3
cxd4 9. Nxd4 Bc5 10. O-O O-O 11. Qe2 Re8 12. Rd1 a6 13. Bc2 Qc7 14. a4 b6 15.
a5 b5 16. Ne4 h6 17. c4 bxc4 18. Nxc5 Qxc5 19. Ra3 Bb7 20. Rg3 Nh5 21. Rc3 Qxa5
22. Qxc4 Rec8 23. Qd3 Rxc3 24. Qh7+ Kf8 25. bxc3 Nhf6 26. Nb3 Qa2 27. Qh8+ Ke7
28. Qxg7 Bd5 29. Rxd5 Nxd5 30. Nd4 Qa1 31. Qxh6 Qxc3 32. Qd2 Qxd2 33. Bxd2 Ne5
34. Bg5+ Kd6 35. Bc1 a5 36. Nb5+ Kc5 37. Na3 Nc4 38. h4 Kb4 39. Nxc4 Kxc4 40.
Ba3 a4 41. Kf1 Nc3 42. Ke1 Nb5 43. Bc1 a3 44. Kd2 Rd8+ 45. Ke3 a2 46. Bb2 Na3
47. Be4 f5 48. Bb7 Nc2+ 49. Kf4 Kb3 50. Bf6 Rd4+ 51. Kg5 a1=Q 52. Bxd4 Qxd4 53.
Bf3 Ne1 54. Kh6 Nxf3 55. gxf3 Qf6+ 56. Kh5 f4 57. Kg4 Qf5# 0-1

[Event "4MCR_3DW_1L_3S"]
[Site "CR"]
[Date "2011.??.??"]
[Round "?"]
[White "Dojcinovic, Miroslav"]
[Black "Glaser, Karel"]
[Result "0-1"]
[WhiteElo "1792"]
[BlackElo "2222"]
[Annotator "013"]
[PlyCount "98"]
[EventDate "2011.??.??"]
[EventType "corr"]

1. e4 e5 2. Nf3 Nc6 3. Bc4 Bc5 4. c3 Nf6 5. d3 a6 6. Nbd2 O-O 7. O-O d6 8. Bb3
h6 9. Re1 Ne7 10. Nf1 Ng6 11. Ng3 Re8 12. d4 Ba7 13. h3 b5 14. a4 Bb7 15. Bc2
exd4 16. cxd4 c5 17. d5 c4 18. Be3 Bb6 19. axb5 Bxe3 20. Rxe3 axb5 21. Rxa8
Qxa8 22. Nd4 Qa6 23. Qe1 Qb6 24. Ngf5 b4 25. Ba4 Ra8 26. Bb5 Qc5 27. Qc1 Ba6
28. Bc6 Rb8 29. Qc2 Bc8 30. Rg3 Bxf5 31. Nxf5 Kh7 32. Kh2 b3 33. Qc3 Qxf2 34.
Rf3 Qc2 35. Nxd6 Nh4 36. Rg3 Nh5 37. Nxc4 Nxg3 38. Qxg3 Nxg2 39. Qxg2 Qxc4 40.
Kg3 Kg8 41. Qf3 Rb4 42. Qg4 Qd3+ 43. Qf3 Qd4 44. Qg4 Qxb2 45. Qc8+ Kh7 46. Qf5+
g6 47. Qxf7+ Qg7 48. Qxg7+ Kxg7 49. d6 b2 0-1

[Event "4MCR_3DW_1L_3S"]
[Site "CR"]
[Date "2011.??.??"]
[Round "?"]
[White "Sykora, Josef"]
[Black "Cvak, Rudolf"]
[Result "1/2-1/2"]
[WhiteElo "2299"]
[BlackElo "2057"]
[Annotator "014"]
[PlyCount "78"]
[EventDate "2011.??.??"]
[EventType "corr"]

1. c4 e5 2. g3 Nf6 3. Bg2 d6 4. Nc3 Be7 5. e3 c6 6. Nge2 Be6 7. b3 h5 8. d4 h4
9. Bb2 h3 10. Bf3 Nbd7 11. e4 Qb6 12. Qd2 O-O 13. O-O a5 14. Rad1 Rfd8 15. d5
cxd5 16. Nxd5 Bxd5 17. exd5 a4 18. Nc1 Rdc8 19. Rfe1 axb3 20. axb3 Bd8 21. Qe2
Qc7 22. Nd3 b5 23. Rc1 bxc4 24. bxc4 Qb6 25. Qf1 Ra4 26. Be2 Raxc4 27. Rxc4
Rxc4 28. Rb1 Ne4 29. Bxe5 Qc7 30. Bf4 Nc3 31. Re1 Nxe2+ 32. Rxe2 Rd4 33. Re8+
Nf8 34. Qxh3 Rxd3 35. Rxf8+ Kxf8 36. Qh8+ Ke7 37. Bg5+ Kd7 38. Qh3+ Ke8 39.
Qh8+ Kd7 1/2-1/2

[Event "4MCR_3DW_1L_3S"]
[Site "CR"]
[Date "2011.??.??"]
[Round "?"]
[White "Cvak, Rudolf"]
[Black "Schwarz, Jan"]
[Result "1/2-1/2"]
[WhiteElo "2057"]
[BlackElo "2291"]
[Annotator "015"]
[PlyCount "77"]
[EventDate "2011.??.??"]
[EventType "corr"]

1. e4 e5 2. Nf3 Nc6 3. d4 exd4 4. Nxd4 Bc5 5. Nxc6 Qf6 6. Qf3 dxc6 7. Bc4 Qxf3
8. gxf3 Nf6 9. h4 Be6 10. Bxe6 fxe6 11. Be3 Bd6 12. h5 e5 13. Nd2 Kf7 14. Ke2
a5 15. Rag1 a4 16. Rg5 b5 17. c4 g6 18. hxg6+ hxg6 19. Rhg1 Rhg8 20. c5 Be7 21.
Rxe5 Nd7 22. Rxe7+ Kxe7 23. f4 a3 24. b3 Raf8 25. Nf3 Nf6 26. Kd3 Nh5 27. Rg4
Nf6 28. Rh4 Rh8 29. Ne5 Rd8+ 30. Bd4 Rxh4 31. Nxg6+ Kf7 32. Nxh4 Ng4 33. Kc3
Nf6 34. f3 Rh8 35. Bf2 Rd8 36. Kc2 Nh5 37. f5 Nf4 38. Be3 Nd3 39. Bd2 1/2-1/2

[Event "4MCR_3DW_1L_3S"]
[Site "CR"]
[Date "2011.??.??"]
[Round "?"]
[White "Schwarz, Jan"]
[Black "Cvak, Rudolf"]
[Result "1/2-1/2"]
[WhiteElo "2291"]
[BlackElo "2057"]
[Annotator "016"]
[PlyCount "81"]
[EventDate "2011.??.??"]
[EventType "corr"]

1. d4 Nf6 2. c4 e6 3. Nf3 b6 4. g3 Bb7 5. Bg2 Be7 6. O-O O-O 7. Nc3 Ne4 8. Qc2
Nxc3 9. Qxc3 c5 10. Rd1 d6 11. b3 Bf6 12. Bb2 Nd7 13. Qc2 Qc7 14. e4 Rad8 15.
a4 a5 16. Re1 Rfe8 17. Rad1 h6 18. Qe2 cxd4 19. Nxd4 Qb8 20. Ba3 Bxd4 21. Rxd4
Nc5 22. Qc2 Qa8 23. Red1 Qb8 24. f3 e5 25. R4d2 Bc8 26. Qc3 Qc7 27. Bb2 f6 28.
Bc1 Be6 29. Rf2 f5 30. exf5 Bxf5 31. Be3 Bg6 32. Rff1 Re7 33. f4 exf4 34. Bxf4
Be4 35. Bf3 Qc6 36. h3 Re6 37. Bg4 Rf6 38. Bc1 Rdf8 39. Bb2 Bh1 40. Qc2 Be4 41.
Qc3 1/2-1/2

[Event "4MCR_3DW_1L_3S"]
[Site "CR"]
[Date "2011.??.??"]
[Round "?"]
[White "Cvak, Rudolf"]
[Black "Sykora, Josef"]
[Result "1/2-1/2"]
[WhiteElo "2057"]
[BlackElo "2299"]
[Annotator "017"]
[PlyCount "93"]
[EventDate "2011.??.??"]
[EventType "corr"]

1. e4 e5 2. Nf3 Nc6 3. d4 exd4 4. Nxd4 Bc5 5. Nxc6 Qf6 6. Qf3 bxc6 7. Nd2 d6 8.
Bd3 Qxf3 9. gxf3 Ne7 10. Nb3 Bb6 11. a4 a5 12. Be3 O-O 13. O-O-O Bd7 14. Be2
Bxe3+ 15. fxe3 Rfd8 16. Nd2 f5 17. Rhg1 fxe4 18. Nxe4 Rf8 19. Nc5 Bh3 20. Nb3
g6 21. f4 Kg7 22. Bf3 Bd7 23. h4 Rab8 24. h5 Rb4 25. Rd4 c5 26. Rxb4 cxb4 27.
Nd4 Kf6 28. Rg5 c5 29. Nb5 Nf5 30. Kd2 Rd8 31. Bd5 Ne7 32. Bf3 Nf5 33. Bd5 Ne7
34. Bf3 h6 35. Rg1 gxh5 36. Bxh5 Bc6 37. Ke2 Be4 38. c3 bxc3 39. Nxc3 d5 40.
Bf3 Bxf3+ 41. Kxf3 Nf5 42. Rd1 Ke6 43. Nb5 Rd7 44. Rc1 c4 45. Rh1 Kf6 46. Nd4
Nxd4+ 47. exd4 1/2-1/2

[Event "4MCR_3DW_1L_3S"]
[Site "CR"]
[Date "2011.??.??"]
[Round "?"]
[White "Dojcinovic, Miroslav"]
[Black "Schwarz, Jan"]
[Result "0-1"]
[WhiteElo "1792"]
[BlackElo "2291"]
[Annotator "018"]
[PlyCount "116"]
[EventDate "2011.??.??"]
[EventType "corr"]

1. e4 c5 2. Nf3 d6 3. d4 cxd4 4. Nxd4 Nf6 5. Nc3 a6 6. Be2 e5 7. Nb3 Be7 8. O-O
O-O 9. Kh1 b6 10. Be3 Bb7 11. f3 b5 12. Qd2 Nbd7 13. Rfd1 Qc7 14. a3 Rab8 15.
Qe1 Nb6 16. Na5 Ba8 17. Qf2 d5 18. Bxb6 Rxb6 19. exd5 Bc5 20. Qe1 Bd4 21. Bd3
Nxd5 22. Nxd5 Bxd5 23. c3 Rh6 24. cxd4 e4 25. h3 exf3 26. Kg1 Qd8 27. Rac1 Rxh3
28. Bf5 Rh5 29. Bh3 Rxh3 30. gxh3 Qg5+ 31. Kf2 Qg2+ 32. Ke3 Re8+ 33. Kd3 Qg6+
34. Kd2 Qg5+ 35. Kd3 Qf5+ 36. Kc3 Rxe1 37. Rxe1 f6 38. Kb4 f2 39. Red1 Bf3 40.
Rd2 Bg2 41. Rdd1 f1=Q 42. Rxf1 Bxf1 43. Nb3 Bxh3 44. Rc3 Qd7 45. Rc5 Be6 46.
Rc2 a5+ 47. Kxa5 Qa7+ 48. Kxb5 Qb7+ 49. Ka5 Qxb3 50. Rc5 Qxb2 51. d5 Qxa3+ 52.
Kb5 Qb3+ 53. Kc6 Bc8 54. Ra5 Bb7+ 55. Kc7 Qb4 56. Ra7 Bxd5 57. Ra6 Qc5+ 58. Kd7
Kf7 0-1

[Event "4MCR_3DW_1L_3S"]
[Site "CR"]
[Date "2011.??.??"]
[Round "?"]
[White "Dojcinovic, Miroslav"]
[Black "Pecka, Josef"]
[Result "0-1"]
[WhiteElo "1792"]
[BlackElo "2352"]
[Annotator "019"]
[PlyCount "144"]
[EventDate "2011.??.??"]
[EventType "corr"]

1. d4 Nf6 2. c4 g6 3. Nf3 Bg7 4. g3 d5 5. cxd5 Nxd5 6. Bg2 O-O 7. O-O Nb6 8.
Nc3 Nc6 9. e3 Re8 10. d5 Na5 11. Nd4 Bd7 12. e4 c6 13. Re1 cxd5 14. exd5 Qc8
15. Be3 Nac4 16. Qb3 Nxe3 17. fxe3 Qc5 18. Nce2 Rac8 19. Rac1 Qa5 20. Rf1 Rxc1
21. Rxc1 Rc8 22. Rf1 Qa6 23. Nf4 Nc4 24. Rc1 Nd6 25. Rxc8+ Bxc8 26. Bf3 Qa5 27.
Nfe2 Bxd4 28. Nxd4 h5 29. Qd3 Bh3 30. Kf2 Qxa2 31. Qc2 Qa1 32. Qe2 f5 33. b3
Bg4 34. Qe1 Qb2+ 35. Qe2 Ne4+ 36. Kg2 Qc3 37. Qb5 Nd6 38. Qe2 Bxf3+ 39. Qxf3
Qa5 40. Ne2 Qd2 41. Kg1 Qd1+ 42. Kg2 Qxb3 43. h3 Nc4 44. e4 Qxf3+ 45. Kxf3 Nd2+
46. Ke3 Nxe4 47. g4 hxg4 48. hxg4 a5 49. Nd4 Nd6 50. g5 Ne4 51. Ne6 b5 52. Kd3
a4 53. Kc2 b4 54. Nf4 b3+ 55. Kb2 Nd6 56. Kc3 Nc4 57. Nd3 b2 58. Nxb2 Nxb2 59.
Kxb2 f4 60. Kc3 f3 61. Kd3 a3 62. Ke3 a2 63. Kxf3 a1=Q 64. Ke4 Qc3 65. Kf4 Qd3
66. d6 exd6 67. Kg4 Qe3 68. Kh4 Qg1 69. Kh3 Kf7 70. Kh4 Ke6 71. Kh3 Kf5 72. Kh4
Qg4# 0-1

[Event "4MCR_3DW_1L_3S"]
[Site "CR"]
[Date "2011.??.??"]
[Round "?"]
[White "Valak, Alois"]
[Black "Cvak, Rudolf"]
[Result "0-1"]
[WhiteElo "2421"]
[BlackElo "2057"]
[Annotator "020"]
[PlyCount "70"]
[EventDate "2011.??.??"]
[EventType "corr"]

1. e4 c5 2. Nf3 d6 3. d4 cxd4 4. Nxd4 Nf6 5. Nc3 a6 6. Be3 e5 7. Nb3 Be6 8. f3
Be7 9. Qd2 O-O 10. O-O-O Nbd7 11. g4 b5 12. g5 b4 13. Ne2 Ne8 14. f4 a5 15. f5
a4 16. Nbd4 exd4 17. Nxd4 b3 18. Kb1 bxc2+ 19. Nxc2 Bb3 20. axb3 axb3 21. Na3
Ne5 22. Qg2 Qb8 23. f6 Bd8 24. h4 Bb6 25. Rh3 Bxe3 26. Rxe3 gxf6 27. Nb5 Ra5
28. Rxb3 Kh8 29. Nd4 Qa8 30. Nc2 fxg5 31. hxg5 f6 32. Bc4 Nxc4 33. g6 Ng7 34.
Rd4 Rc8 35. Rc3 Qa6 0-1

[Event "4MCR_3DW_1L_3S"]
[Site "CR"]
[Date "2011.??.??"]
[Round "?"]
[White "Cvak, Rudolf"]
[Black "Valak, Alois"]
[Result "1/2-1/2"]
[WhiteElo "2057"]
[BlackElo "2421"]
[Annotator "021"]
[PlyCount "73"]
[EventDate "2011.??.??"]
[EventType "corr"]

1. e4 e5 2. Nf3 Nc6 3. d4 exd4 4. Nxd4 Nf6 5. Nxc6 bxc6 6. e5 Qe7 7. Qe2 Nd5 8.
c4 Ba6 9. b3 Qh4 10. a3 Bc5 11. g3 Bxf2+ 12. Qxf2 Qe4+ 13. Kd1 Qxh1 14. Nd2 f6
15. e6 dxe6 16. Bb2 O-O-O 17. Kc2 Ne3+ 18. Qxe3 Qxh2 19. Re1 Bb7 20. Bd4 a6 21.
Qxe6+ Kb8 22. Qe3 c5 23. Bxc5 Rhe8 24. Re2 Qh5 25. Qf2 Rxe2 26. Bxe2 Qe5 27.
Bd3 h5 28. Bh7 g5 29. Ba7+ Ka8 30. Be3 f5 31. Bxg5 Rh8 32. Qxf5 Qg7 33. Bg6 Rg8
34. Bf4 Qxg6 35. Qxg6 Rxg6 36. Bxc7 Bc6 37. Kd3 1/2-1/2

[Event "4MCR_3DW_1L_3S"]
[Site "CR"]
[Date "2011.??.??"]
[Round "?"]
[White "Dojcinovic, Miroslav"]
[Black "Cvak, Rudolf"]
[Result "0-1"]
[WhiteElo "1792"]
[BlackElo "2057"]
[Annotator "022"]
[PlyCount "136"]
[EventDate "2011.??.??"]
[EventType "corr"]

1. e4 c5 2. Nf3 d6 3. d4 cxd4 4. Nxd4 Nf6 5. Nc3 a6 6. Be2 e5 7. Nb3 Be7 8. O-O
O-O 9. Kh1 b6 10. Be3 Bb7 11. f3 b5 12. a4 b4 13. Nd5 Nxd5 14. exd5 Nd7 15. c3
bxc3 16. bxc3 Bg5 17. Bf2 Qc7 18. c4 Rab8 19. a5 Ba8 20. Qd3 Rb4 21. Rfb1 Rfb8
22. Be1 R4b7 23. Bf2 g6 24. Ra2 Nc5 25. Bxc5 dxc5 26. Rab2 Rb4 27. g3 Bb7 28.
Qc3 Bc8 29. Kg2 Bd7 30. Nc1 Bxc1 31. Qxc1 Qxa5 32. Bd3 Rxb2+ 33. Rxb2 Rb4 34.
Rd2 Rb3 35. d6 Qb4 36. Rd1 Rb2+ 37. Kg1 a5 38. f4 exf4 39. Qxf4 Qc3 40. Rf1 f5
41. Qh4 Rb8 42. Rd1 Re8 43. Qf4 Re1+ 44. Rxe1 Qxe1+ 45. Bf1 a4 46. Qf3 Qe4 47.
Qd1 a3 48. Qd2 Kg7 49. Bd3 Qd4+ 50. Kf1 Qa1+ 51. Kg2 Bc6+ 52. Kf2 a2 53. Bxf5
Qd4+ 54. Qxd4+ cxd4 55. d7 Bxd7 56. Bxd7 a1=Q 57. Bg4 Qa2+ 58. Kg1 Qxc4 59. Bf3
Qc1+ 60. Kg2 d3 61. Kf2 Kf6 62. h4 d2 63. Kg2 d1=Q 64. Bxd1 Qxd1 65. Kf2 h5 66.
Ke3 Kf5 67. Kf2 Qd3 68. Kg2 Kg4 0-1

[Event "4MCR_3DW_1L_3S"]
[Site "CR"]
[Date "2011.??.??"]
[Round "?"]
[White "Pecka, Josef"]
[Black "Dojcinovic, Miroslav"]
[Result "1-0"]
[WhiteElo "2352"]
[BlackElo "1792"]
[Annotator "023"]
[PlyCount "135"]
[EventDate "2011.??.??"]
[EventType "corr"]

1. e4 e5 2. f4 exf4 3. Bc4 Nf6 4. Nc3 c6 5. Bb3 d5 6. exd5 cxd5 7. d4 Bd6 8.
Nge2 O-O 9. Bxf4 Bxf4 10. Nxf4 Re8+ 11. Nfe2 Ng4 12. O-O Ne3 13. Qd3 Nxf1 14.
Rxf1 Be6 15. Nf4 Nc6 16. Ncxd5 Rc8 17. c3 Qg5 18. Qf3 Bxd5 19. Nxd5 Rf8 20. Nf4
Qh6 21. Ne2 Rc7 22. Ng3 Qg6 23. h4 Kh8 24. Qf4 Rd7 25. h5 Qd6 26. Qg4 Rdd8 27.
Ne4 Qd7 28. Qh4 h6 29. Nc5 Qc8 30. Rxf7 Rxf7 31. Bxf7 Rf8 32. Be6 Qd8 33. Qe4
Qe7 34. Bd5 Qg5 35. Nd7 Rd8 36. Bb3 Qe7 37. Qxe7 Nxe7 38. Ne5 Kh7 39. Kf2 Rf8+
40. Ke2 Re8 41. Bc2+ Kg8 42. Be4 Rd8 43. Kd3 Rd6 44. c4 Nc6 45. Bxc6 bxc6 46.
b4 Kf8 47. c5 Re6 48. b5 cxb5 49. c6 Re8 50. Ng6+ Kf7 51. d5 Re1 52. d6 Ke8 53.
Kd4 b4 54. c7 Kd7 55. Ne5+ Kc8 56. Nc6 Rd1+ 57. Ke5 Re1+ 58. Kd5 Rd1+ 59. Ke6
Re1+ 60. Kf5 Rf1+ 61. Kg6 Rf6+ 62. Kxg7 Rxd6 63. Nxa7+ Kxc7 64. Nb5+ Kc6 65.
Nxd6 Kxd6 66. Kxh6 Ke6 67. g4 Kf7 68. g5 1-0

[Event "4MCR_3DW_1L_3S"]
[Site "CR"]
[Date "2011.??.??"]
[Round "?"]
[White "Schwarz, Jan"]
[Black "Pecka, Josef"]
[Result "1/2-1/2"]
[WhiteElo "2291"]
[BlackElo "2352"]
[Annotator "024"]
[PlyCount "80"]
[EventDate "2011.??.??"]
[EventType "corr"]

1. d4 Nf6 2. c4 g6 3. Nf3 Bg7 4. g3 O-O 5. Bg2 c6 6. Nc3 d5 7. cxd5 cxd5 8. Ne5
e6 9. Bg5 Qb6 10. Qd2 Nfd7 11. Be3 Nc6 12. Nxc6 bxc6 13. O-O a5 14. b3 Re8 15.
Rfd1 Qb4 16. Rac1 Ba6 17. Rc2 Nb6 18. Rdc1 Bb7 19. Qd1 Rec8 20. Qd2 a4 21. Rb1
Qe7 22. Bg5 f6 23. Be3 axb3 24. axb3 Qb4 25. Qd1 Nd7 26. Na2 Qb6 27. b4 Qd8 28.
b5 cxb5 29. Rxb5 Rxc2 30. Qxc2 Qc8 31. Qd2 Ba6 32. Rb1 Bc4 33. Nb4 Bf8 34. Qe1
Bd6 35. Bd2 f5 36. Rc1 Nf6 37. Nd3 Ra2 38. Bf4 Bxf4 39. Nxf4 g5 40. Nd3 Qf8
1/2-1/2

[Event "4MCR_3DW_1L_3S"]
[Site "CR"]
[Date "2011.??.??"]
[Round "?"]
[White "Pecka, Josef"]
[Black "Schwarz, Jan"]
[Result "1-0"]
[WhiteElo "2352"]
[BlackElo "2291"]
[Annotator "025"]
[PlyCount "65"]
[EventDate "2011.??.??"]
[EventType "corr"]

1. e4 c6 2. d4 d5 3. e5 Bf5 4. Ne2 e6 5. Ng3 Bg6 6. h4 h5 7. Bd3 Bxd3 8. cxd3
Qb6 9. Be3 Qxb2 10. Nd2 Bb4 11. O-O Bxd2 12. Rb1 Qxa2 13. Ra1 Qb2 14. Rb1 Qa3
15. Qxd2 b5 16. Bg5 Qa4 17. Qc1 g6 18. Rb2 Qa5 19. f4 Qa3 20. Qd2 Qa4 21. f5
gxf5 22. Nxf5 exf5 23. Qf4 Ne7 24. e6 fxe6 25. Re2 Nd7 26. Rxe6 O-O-O 27. Rxe7
Qa5 28. Qd6 Qc7 29. Qe6 Qb6 30. Rc1 Kb7 31. Bf4 Ka8 32. Rxc6 Qxd4+ 33. Kh1 1-0

[Event "4MCR_3DW_1L_3S"]
[Site "CR"]
[Date "2011.??.??"]
[Round "?"]
[White "Pecka, Josef"]
[Black "Sykora, Josef"]
[Result "1/2-1/2"]
[WhiteElo "2352"]
[BlackElo "2299"]
[Annotator "026"]
[PlyCount "67"]
[EventDate "2011.??.??"]
[EventType "corr"]

1. e4 e5 2. Nf3 Nc6 3. Bc4 Bc5 4. c3 Nf6 5. b4 Bb6 6. d3 d6 7. a4 a6 8. O-O O-O
9. Nbd2 Ne7 10. Bb3 Ng6 11. Nc4 Ba7 12. Be3 Be6 13. Bxa7 Rxa7 14. Ne3 Ra8 15.
g3 Qd7 16. Re1 Rad8 17. Rb1 h6 18. a5 Bxb3 19. Rxb3 d5 20. exd5 Nxd5 21. Nxd5
Qxd5 22. c4 Qd6 23. Qe2 Rfe8 24. Qe4 c6 25. b5 cxb5 26. cxb5 Qd5 27. Nd2 Nf8
28. Qxd5 Rxd5 29. Nc4 Rxb5 30. Rxb5 axb5 31. Nd6 Ra8 32. Rxe5 Rxa5 33. Kg2 b6
34. Rxb5 1/2-1/2

[Event "4MCR_3DW_1L_3S"]
[Site "CR"]
[Date "2011.??.??"]
[Round "?"]
[White "Glaser, Karel"]
[Black "Dojcinovic, Miroslav"]
[Result "1-0"]
[WhiteElo "2222"]
[BlackElo "1792"]
[Annotator "027"]
[PlyCount "151"]
[EventDate "2011.??.??"]
[EventType "corr"]

1. e4 e5 2. Nf3 Nc6 3. Bb5 a6 4. Ba4 Nf6 5. O-O Be7 6. Re1 b5 7. Bb3 O-O 8. a4
b4 9. d3 d6 10. h3 Rb8 11. Nbd2 Na5 12. Ba2 c5 13. Nc4 Nxc4 14. Bxc4 a5 15. Qe2
Bd7 16. Be3 Bc6 17. Nd2 Qc7 18. Nf1 d5 19. exd5 Nxd5 20. Ng3 Qd7 21. Ne4 Nxe3
22. Qxe3 Qd4 23. Ng3 Qxe3 24. Rxe3 Bf6 25. Nh5 Rfd8 26. b3 Kf8 27. Rae1 h6 28.
f3 Be7 29. Rxe5 Rb7 30. Rf5 Bd6 31. Re6 Be8 32. g4 Re7 33. Rxe7 Bxe7 34. Nf4
Kg8 35. Ng6 Bf6 36. Kf1 Bd4 37. Ne5 Kh7 38. Nxf7 Rd7 39. Ne5 Re7 40. f4 g6 41.
Rf6 Be3 42. Bb5 Kg7 43. Ra6 Bxf4 44. Bxe8 Rxe5 45. Bxg6 Re3 46. Be4 Rxh3 47.
Rxa5 h5 48. Rxc5 hxg4 49. a5 Rh6 50. Rc4 Rf6 51. Kg2 Be3 52. Rxb4 Rf2+ 53. Kg3
Rxc2 54. Rb7+ Kf6 55. b4 Ra2 56. Bd5 Ra4 57. Bb3 Ra1 58. Kxg4 Ke5 59. Bc4 Kd6
60. a6 Bg1 61. Rh7 Re1 62. Rh6+ Kc7 63. b5 Bd4 64. Rc6+ Kd7 65. Bd5 Rb1 66. b6
Bxb6 67. Rxb6 Rxb6 68. a7 Rg6+ 69. Kf5 Ra6 70. a8=Q Rxa8 71. Bxa8 Kc7 72. Ke6
Kb8 73. Bg2 Kc7 74. d4 Kc8 75. d5 Kb7 76. d6+ 1-0

[Event "4MCR_3DW_1L_3S"]
[Site "CR"]
[Date "2011.??.??"]
[Round "?"]
[White "Cvak, Rudolf"]
[Black "Dojcinovic, Miroslav"]
[Result "1-0"]
[WhiteElo "2057"]
[BlackElo "1792"]
[Annotator "028"]
[PlyCount "159"]
[EventDate "2011.??.??"]
[EventType "corr"]

1. e4 c5 2. Nf3 Nc6 3. d4 cxd4 4. Nxd4 Nf6 5. Nc3 e6 6. Ndb5 d6 7. Bf4 e5 8.
Bg5 a6 9. Na3 b5 10. Nd5 Be7 11. Nxe7 Nxe7 12. Bxf6 gxf6 13. c4 Bb7 14. cxb5
Bxe4 15. bxa6 O-O 16. Rc1 d5 17. h4 Bf5 18. Qa4 Qb6 19. Qb3 Qd6 20. a7 Rfc8 21.
Rxc8+ Nxc8 22. Nb5 Qc5 23. Qc3 Qxc3+ 24. bxc3 Nxa7 25. Nc7 Rd8 26. f3 h5 27.
Kf2 Kf8 28. a4 d4 29. cxd4 Rxd4 30. Bb5 Bc2 31. Ra1 Rxh4 32. a5 Rb4 33. a6 Rb2
34. Kg3 f5 35. Bf1 Bb3 36. Ra5 f4+ 37. Kh2 Rb1 38. Be2 Rc1 39. Nb5 Rc5 40. Ra3
Nxb5 41. Rxb3 Nd4 42. Ra3 Rc7 43. Bd3 Ra7 44. Ra5 f6 45. Kh3 Ke7 46. Kh4 Nc6
47. Ra3 Ke6 48. Kxh5 Rg7 49. Rb3 f5 50. Rb6 Kd6 51. Bb5 Kc5 52. Rxc6+ Kxb5 53.
Rg6 Rf7 54. Kg5 Kc5 55. Rf6 Rg7+ 56. Kxf5 Kd5 57. Rb6 Rf7+ 58. Kg6 Ra7 59. Rb5+
Ke6 60. Ra5 Ra8 61. a7 Rg8+ 62. Kh6 Rh8+ 63. Kg6 Rg8+ 64. Kh7 Ra8 65. Kg7 Kd7
66. Kf6 Kd6 67. Kf5 Rf8+ 68. Ke4 Ra8 69. Ra6+ Kd7 70. Rh6 Re8 71. Kd5 Kc7 72.
Rh7+ Kb6 73. Re7 Rf8 74. Kxe5 Kc6 75. Rf7 Rd8 76. Kxf4 Kd6 77. Kf5 Rc8 78. g4
Kd5 79. g5 Kd4 80. g6 1-0

[Event "4MCR_3DW_1L_3S"]
[Site "CR"]
[Date "2011.??.??"]
[Round "?"]
[White "Cvak, Rudolf"]
[Black "Pecka, Josef"]
[Result "0-1"]
[WhiteElo "2057"]
[BlackElo "2352"]
[Annotator "029"]
[PlyCount "112"]
[EventDate "2011.??.??"]
[EventType "corr"]

1. e4 e6 2. d4 d5 3. Nc3 Nf6 4. e5 Nfd7 5. f4 c5 6. Nf3 Nc6 7. Be3 a6 8. Qd2 b5
9. Bd3 b4 10. Nd1 c4 11. Be2 Be7 12. O-O O-O 13. Bf2 a5 14. Rb1 a4 15. c3 Nb6
16. cxb4 Bxb4 17. Nc3 a3 18. Bh4 Qc7 19. bxa3 Bxc3 20. Qxc3 Bd7 21. Qe3 Nc8 22.
Ne1 N8e7 23. Qc3 Nf5 24. Bf2 Na7 25. g4 Ne7 26. Nc2 Rfb8 27. Qf3 Nac6 28. Qc3
Rb6 29. Bf3 Rab8 30. Rxb6 Qxb6 31. Nb4 Qa5 32. Rb1 Ra8 33. a4 Qxa4 34. Nc2 Qa7
35. Rb2 h6 36. Bd1 Ng6 37. Be3 Nce7 38. Be2 Nc8 39. Kf2 Qc7 40. Qb4 Nce7 41. h3
Qd8 42. Qd6 Nc8 43. Qb4 Ra4 44. Qc5 Ra6 45. Kg2 Nce7 46. Qb4 Nc6 47. Qe1 f6 48.
exf6 Qxf6 49. Qd2 Ra8 50. Kg3 h5 51. Rb7 Rxa2 52. Bd1 Be8 53. Rb6 Nge7 54. Qc1
g5 55. fxg5 Qf1 56. Qb1 h4+ 0-1